[Event "Labour Day op U2200"]
[Site "Toronto CAN"]
[Date "1997.08.31"]
[Round "4"]
[White "Rousseau, Daniel"]
[Black "Cokleski, Dusan"]
[Result "1-0"]
[WhiteElo "2113"]
[BlackElo "2028"]
[PlyCount "103"]
[GameId "2160767911932139"]
[EventDate "1997.08.30"]
[EventType "swiss"]
[EventRounds "6"]
[EventCountry "CAN"]
[SourceTitle "hb 2011"]

1. e4 c6 2. d4 d5 3. Nc3 dxe4 4. Nxe4 Bf5 5. Ng3 Bg6 6. N1e2 e6 7. Nf4 Nf6 8. h4 Bd6 9. h5 Bf5 10. c3 Qc7 11. Nxf5 exf5 12. Qf3 Qe7+ 13. Kd1 O-O 14. Bd3 Qd7 15. Nh3 g6 16. hxg6 fxg6 17. Bc4+ Kg7 18. Ng5 Re8 19. Nxh7 Nxh7 20. Qh3 Kh8 21. Bg5 Rf8 22. Qh4 Qg7 23. Kc2 Nd7 24. Rh3 Nb6 25. Bb3 Nd5 26. Rah1 Rf7 27. c4 Nb4+ 28. Kb1 c5 29. Bf6 Qxf6 30. Qxf6+ Rxf6 31. Rxh7+ Kg8 32. Rh8+ Kf7 33. R1h7+ Ke6 34. Rxa8 f4 35. Rxb7 Nd3 36. Re8+ Kf5 37. Bc2 f3 38. Bxd3+ Kf4 39. g3+ Kg4 40. Re4+ Kh3 41. Bf1+ Kh2 42. b4 Kg1 43. Bd3 Kxf2 44. bxc5 Bxg3 45. Rb2+ Kg1 46. Rg4 f2 47. Rxg3+ Kh2 48. Rxg6 Rf3 49. Bf1 a5 50. Rg2+ Kh1 51. Rbxf2 Rxf2 52. Rxf2 1-0

[Event "Labour Day op U2200"]
[Site "Toronto CAN"]
[Date "1997.09.01"]
[Round "5"]
[White "Thorvardson, Barry"]
[Black "Rousseau, Daniel"]
[Result "1-0"]
[WhiteElo "2023"]
[BlackElo "2113"]
[PlyCount "43"]
[GameId "2160767911932140"]
[EventDate "1997.08.30"]
[EventType "swiss"]
[EventRounds "6"]
[EventCountry "CAN"]
[SourceTitle "hb 2011"]

1. e4 e5 2. Nf3 Nc6 3. d4 exd4 4. c3 dxc3 5. Bc4 cxb2 6. Bxb2 Bb4+ 7. Bc3 Qf6 8. Bxb4 Nxb4 9. e5 Qg6 10. O-O Qc2 11. Qd4 Nc6 12. Qc5 Qg6 13. Nc3 b6 14. Qa3 Bb7 15. Nd5 O-O-O 16. Rfc1 f6 17. Ba6 Qe4 18. Nxc7 Kxc7 19. Qd6+ Kc8 20. Rc4 Qxc4 21. Bxc4 Re8 22. e6 1-0

[Event "Labour Day op U2200"]
[Site "Toronto CAN"]
[Date "1997.09.01"]
[Round "6"]
[White "Kret, Ted"]
[Black "Rousseau, Daniel"]
[Result "1-0"]
[WhiteElo "2164"]
[BlackElo "2113"]
[PlyCount "65"]
[GameId "2160767911932141"]
[EventDate "1997.08.30"]
[EventType "swiss"]
[EventRounds "6"]
[EventCountry "CAN"]
[SourceTitle "hb 2011"]

1. d4 Nf6 2. c4 g6 3. Nc3 Bg7 4. e4 d6 5. f4 O-O 6. Nf3 c5 7. d5 e6 8. Be2 exd5 9. cxd5 Re8 10. e5 dxe5 11. fxe5 Ng4 12. Bg5 f6 13. exf6 Bxf6 14. Qd2 Bxg5 15. Nxg5 Ne3 16. Nce4 Bf5 17. Qxe3 Bxe4 18. O-O Bxd5 19. Qd2 Nc6 20. h4 Nd4 21. Bd3 h6 22. Nh3 Qxh4 23. Rf2 Rf8 24. Nf4 Bf7 25. Raf1 g5 26. Bb1 Bc4 27. Ng6 Rxf2 28. Rxf2 Qg3 29. Ne7+ Kh8 30. b3 Be2 31. Nf5 Nxf5 32. Qxe2 Nd4 33. Qe7 1-0

[Event "Laval XIV"]
[Site "Laval CAN"]
[Date "1997.04.11"]
[Round "1"]
[White "Gagnon, Fabien"]
[Black "Arsenault, Michel"]
[Result "0-1"]
[WhiteElo "2005"]
[BlackElo "1850"]
[PlyCount "80"]
[GameId "2160767911966146"]
[EventDate "1997.04.11"]
[EventType "swiss"]
[EventRounds "5"]
[EventCountry "CAN"]
[SourceTitle "EXT 2022"]
[Source "ChessBase"]
[SourceDate "2021.10.06"]
[SourceVersion "1"]
[SourceVersionDate "2021.10.06"]
[SourceQuality "1"]

1. e4 c5 2. Nf3 e6 3. c3 Nf6 4. e5 Nd5 5. d4 cxd4 6. cxd4 Be7 7. Bd3 d6 8. O-O Nc6 9. exd6 Qxd6 10. Nc3 Nf6 11. Re1 O-O 12. Bg5 Rd8 13. Ne4 Nxe4 14. Rxe4 b6 15. Bf4 Qd5 16. Qe2 Bb7 17. a3 f5 18. Rxe6 Nxd4 19. Rxe7 Nxe2+ 20. Bxe2 Re8 21. Rd1 Rxe7 22. Rxd5 Bxd5 23. Bd3 g6 24. Bd2 a6 25. Ne1 Rd8 26. Bxa6 Bxg2 27. Bg5 Rxe1+ 28. Kxg2 Rdd1 29. Be3 Rxe3 30. fxe3 Rd2+ 31. Kg3 Rxb2 32. h4 Kg7 33. a4 Ra2 34. Bb5 Kf6 35. Bc6 Ra3 36. Kf3 Ke5 37. Ke2 Ra2+ 38. Kf3 Rb2 39. Bd7 Rb4 40. Kg3 Ke4 0-1

[Event "Laval XIV"]
[Site "Laval CAN"]
[Date "1997.04.12"]
[Round "2"]
[White "Jodoin, Pierre"]
[Black "Gagnon, Fabien"]
[Result "0-1"]
[WhiteElo "1868"]
[BlackElo "2005"]
[PlyCount "65"]
[GameId "2160767911966148"]
[EventDate "1997.04.11"]
[EventType "swiss"]
[EventRounds "5"]
[EventCountry "CAN"]
[SourceTitle "EXT 2022"]
[Source "ChessBase"]
[SourceDate "2021.10.06"]
[SourceVersion "1"]
[SourceVersionDate "2021.10.06"]
[SourceQuality "1"]

1. e4 d5 2. exd5 Nf6 3. Bb5+ Bd7 4. Bc4 Bg4 5. f3 Bf5 6. Nc3 c6 7. dxc6 Nxc6 8. d3 e6 9. Be3 Bb4 10. Nge2 Nd5 11. Bxd5 exd5 12. d4 O-O 13. Qd2 Re8 14. Kd1 Rc8 15. a3 Ba5 16. b4 Bb6 17. Ra2 Ne7 18. Bf4 Rc4 19. Re1 Qd7 20. Rb2 Rec8 21. Rb3 Kf8 22. Kc1 Qc6 23. Kb2 Qd7 24. Be3 a5 25. b5 a4 26. Rb4 Ba5 27. Rxc4 Rxc4 28. Rc1 Nc8 29. Qe1 Nd6 30. Bd2 Nxb5 31. Nxb5 Qxb5+ 32. Ka2 Bxc2 33. Nc3 0-1

[Event "Laval XIV"]
[Site "Laval CAN"]
[Date "1997.04.12"]
[Round "3"]
[White "Gagnon, Fabien"]
[Black "Gravel, Simon jr"]
[Result "1-0"]
[WhiteElo "2005"]
[BlackElo "1798"]
[PlyCount "53"]
[GameId "2160767911966149"]
[EventDate "1997.04.11"]
[EventType "swiss"]
[EventRounds "5"]
[EventCountry "CAN"]
[SourceTitle "EXT 2022"]
[Source "ChessBase"]
[SourceDate "2021.10.06"]
[SourceVersion "1"]
[SourceVersionDate "2021.10.06"]
[SourceQuality "1"]

1. e4 e6 2. d4 d5 3. Nd2 c5 4. Ngf3 cxd4 5. Nxd4 Nc6 6. Nxc6 bxc6 7. exd5 cxd5 8. Bd3 Nf6 9. O-O Bd6 10. c4 Qc7 11. g3 Ba6 12. Qa4+ Nd7 13. Qxa6 O-O 14. Qa4 e5 15. cxd5 f5 16. Qc2 Qb7 17. Bxf5 Nf6 18. Be6+ Kh8 19. Ne4 Nxe4 20. Qxe4 Rf6 21. Qe2 Bc5 22. Be3 Bd6 23. Rac1 Raf8 24. b3 h6 25. Qc4 Rf3 26. Qc6 Qe7 27. Qd7 1-0

[Event "Laval XIV"]
[Site "Laval CAN"]
[Date "1997.04.13"]
[Round "4"]
[White "Gagnon, Fabien"]
[Black "Goldenberg, Danny"]
[Result "1/2-1/2"]
[WhiteElo "2005"]
[BlackElo "2209"]
[PlyCount "137"]
[GameId "2160767911966151"]
[EventDate "1997.04.11"]
[EventType "swiss"]
[EventRounds "5"]
[EventCountry "CAN"]
[SourceTitle "EXT 2022"]
[Source "ChessBase"]
[SourceDate "2021.10.06"]
[SourceVersion "1"]
[SourceVersionDate "2021.10.06"]
[SourceQuality "1"]

1. e4 c5 2. Nf3 Nc6 3. Bb5 g6 4. O-O Bg7 5. c3 Nf6 6. Re1 O-O 7. d4 cxd4 8. cxd4 d5 9. e5 Ne4 10. Nc3 Nxc3 11. bxc3 Na5 12. Ng5 h6 13. Nf3 Qc7 14. Bd2 Nc4 15. Bxc4 Qxc4 16. e6 Bxe6 17. Ne5 Qa6 18. Qb3 Rad8 19. Rab1 Bc8 20. Re3 Bf6 21. Rbe1 Bg5 22. R3e2 Bxd2 23. Rxd2 Qd6 24. Rde2 Kg7 25. Qb1 b6 26. g4 f5 27. h3 fxg4 28. hxg4 Qf6 29. f3 Rd6 30. Rg2 Qg5 31. Qb5 a6 32. Qe2 Rdf6 33. Nd3 Rxf3 34. Qxe7+ Qxe7 35. Rxe7+ R3f7 36. Rxf7+ Rxf7 37. Ne5 Rc7 38. Rb2 b5 39. Rb3 Kf6 40. Kf2 Kg5 41. Kg3 h5 42. Nf3+ Kf6 43. gxh5 gxh5 44. Kf4 Bf5 45. Ra3 Ra7 46. Ra5 Bc8 47. a4 Bd7 48. axb5 Bxb5 49. Ra1 Rc7 50. Rh1 Rxc3 51. Rxh5 Ke6 52. Rh1 Kd6 53. Re1 Kc6 54. Re3 Rxe3 55. Kxe3 Bc4 56. Kd2 Kb5 57. Kc3 Ka4 58. Kb2 Kb4 59. Ne1 Bb3 60. Ng2 Bd1 61. Ne3 Bf3 62. Nxd5+ Bxd5 63. Ka1 Kc3 64. Kb1 Be4+ 65. Ka1 Kxd4 66. Kb2 Kd3 67. Ka1 Kc2 68. Ka2 Bd3 69. Ka1 1/2-1/2

[Event "Laval XIV"]
[Site "Laval CAN"]
[Date "1997.04.13"]
[Round "5"]
[White "Hua, Lefong"]
[Black "Gagnon, Fabien"]
[Result "1-0"]
[WhiteElo "2209"]
[BlackElo "2005"]
[PlyCount "75"]
[GameId "2160767911966155"]
[EventDate "1997.04.11"]
[EventType "swiss"]
[EventRounds "5"]
[EventCountry "CAN"]
[SourceTitle "EXT 2022"]
[Source "ChessBase"]
[SourceDate "2021.10.06"]
[SourceVersion "1"]
[SourceVersionDate "2021.10.06"]
[SourceQuality "1"]

1. d4 f5 2. Nc3 g6 3. e4 d6 4. Bd3 fxe4 5. Nxe4 Bg7 6. Nf3 Nc6 7. c3 Nf6 8. Bg5 Be6 9. h4 Qd7 10. Ng3 Bf7 11. b4 O-O-O 12. O-O Rde8 13. Bb5 e5 14. Bxf6 Bxf6 15. d5 e4 16. dxc6 bxc6 17. Ba6+ Kb8 18. Nd4 Bxh4 19. Qa4 Bd5 20. c4 Bf6 21. cxd5 Bxd4 22. Rad1 Bb6 23. dxc6 Qg4 24. Be2 Qc8 25. Qc2 Qe6 26. a4 Qe5 27. a5 Bxf2+ 28. Rxf2 Qxg3 29. Qc4 Ka8 30. Qf7 Kb8 31. b5 Qe3 32. b6 axb6 33. axb6 Qxb6 34. Qa2 e3 35. Rf7 Re4 36. Ra1 Qxc6 37. Rb1+ Kc8 38. Ba6+ 1-0

[Event "London Fall Harvest"]
[Site "London CAN"]
[Date "1997.11.02"]
[Round "5"]
[White "Oaker, William"]
[Black "Zendrowski, Jay"]
[Result "1-0"]
[WhiteElo "2075"]
[BlackElo "2307"]
[PlyCount "67"]
[GameId "2160767911874439"]
[EventDate "1997.11.01"]
[EventType "swiss"]
[EventRounds "5"]
[EventCountry "CAN"]
[SourceTitle "CFC 1998.02"]

1. d4 Nf6 2. Nf3 g6 3. c4 Bg7 4. Nc3 O-O 5. e3 d6 6. Be2 Nbd7 7. O-O e5 8. Qc2 c6 9. b4 Re8 10. a4 e4 11. Nd2 Qe7 12. Ba3 Nf8 13. c5 d5 14. b5 Bg4 15. Rfb1 Ne6 16. bxc6 bxc6 17. Ba6 Nd8 18. Rb3 Bc8 19. Bxc8 Rxc8 20. Rab1 Ng4 21. h3 Nh6 22. Rb8 Rxb8 23. Rxb8 Nf5 24. Nf1 h5 25. Qb3 Qg5 26. Nxd5 cxd5 27. c6 Nh4 28. Ng3 Be5 29. dxe5 Qxe5 30. Bb2 d4 31. exd4 Qa5 32. Qc3 Qd5 33. Qc5 Qa2 34. c7 1-0

[Event "London Fall Harvest"]
[Site "London CAN"]
[Date "1997.11.02"]
[Round "5"]
[White "Sengupta, Oveek"]
[Black "Morgan, Allan"]
[Result "1-0"]
[WhiteElo "1697"]
[BlackElo "1733"]
[PlyCount "49"]
[GameId "2160767911874440"]
[EventDate "1997.11.01"]
[EventType "swiss"]
[EventRounds "5"]
[EventCountry "CAN"]
[SourceTitle "CFC 1998.02"]

1. e4 e5 2. Nf3 Nc6 3. Bc4 Bc5 4. b4 Bxb4 5. c3 Ba5 6. d4 exd4 7. O-O dxc3 8. Qb3 Qe7 9. Nxc3 Bxc3 10. Qxc3 f6 11. Ba3 d6 12. Rab1 Nh6 13. Bd5 Qd7 14. h3 Nf7 15. Nh4 O-O 16. Qg3 Nce5 17. f4 Ng6 18. Nxg6 hxg6 19. Qxg6 Qa4 20. Bb2 Kh8 21. Bxf7 Rxf7 22. Qxf7 Bd7 23. e5 Be8 24. Qe7 Bb5 25. exf6 1-0

[Event "London-ch U20"]
[Site "London CAN"]
[Date "1997.08.13"]
[Round "4"]
[White "Heseltine-Nutch, Kainoa"]
[Black "Knezevic, Adam"]
[Result "0-1"]
[WhiteElo "1523"]
[BlackElo "1140"]
[PlyCount "174"]
[GameId "2160767911932491"]
[EventDate "1997.07.23"]
[EventType "tourn"]
[EventRounds "7"]
[EventCountry "CAN"]
[SourceTitle "CFC 1997.08"]

1. Nc3 Nf6 2. e4 e5 3. d3 Be7 4. Nf3 d6 5. Be2 Nc6 6. O-O d5 7. exd5 Nxd5 8. Nxd5 Qxd5 9. c4 Qd8 10. b3 a5 11. Bb2 Bf6 12. a3 Bg4 13. h3 Bh5 14. Re1 O-O 15. Rc1 Bg6 16. Bc3 Qe7 17. a4 e4 18. dxe4 Bxe4 19. Bxf6 Qxf6 20. Bd3 Rad8 21. Rxe4 Rfe8 22. Rxe8+ Rxe8 23. Qc2 g6 24. Be4 Nb4 25. Qc3 Qe7 26. Bxb7 Na2 27. Qd2 Nxc1 28. Qxc1 Rb8 29. Bd5 c6 30. Bxc6 Rxb3 31. c5 Qf6 32. Bd5 Rc3 33. Qg5 Qg7 34. c6 h6 35. Qe5 Rc1+ 36. Kh2 Rc5 37. Qxg7+ Kxg7 38. Be4 f5 39. Bd3 Rxc6 40. Ne5 Rd6 41. Bb5 Kf6 42. Nd7+ Kg7 43. Kg3 Kf7 44. Ne5+ Ke6 45. Nxg6 Kf6 46. Nf4 Kg5 47. h4+ Kf6 48. f3 Rd4 49. Nh5+ Ke5 50. f4+ Ke4 51. Nf6+ Ke3 52. Bc6 Kd2 53. Bb5 Rd6 54. Nh5 Ke3 55. Kh2 Kf2 56. Ng3 Rg6 57. Nxf5 Rxg2+ 58. Kh1 Rg1+ 59. Kh2 Rg2+ 60. Kh3 h5 61. Bc6 Rg6 62. Be4 Rf6 63. Ng3 Rxf4 64. Bg6 Rf3 65. Bxh5 Rxg3+ 66. Kh2 Rg2+ 67. Kh1 Rg7 68. Be8 Rh7 69. h5 Rh8 70. Kh2 Rxe8 71. Kh3 Re3+ 72. Kg4 Re4+ 73. Kg5 Rxa4 74. h6 Rb4 75. h7 Rb8 76. Kg6 a4 77. Kg7 Rb7+ 78. Kg6 Rxh7 79. Kxh7 a3 80. Kg6 a2 81. Kf5 a1=Q 82. Ke4 Qe1+ 83. Kd3 Qe3+ 84. Kc2 Ke2 85. Kb2 Kd2 86. Ka2 Kc2 87. Ka1 Qa3# 0-1

[Event "Lunenburg County op"]
[Site "Lunenburg CAN"]
[Date "1997.03.16"]
[Round "4"]
[White "Bezanson, Garnet"]
[Black "Hutchinson, Bob"]
[Result "1-0"]
[WhiteElo "1374"]
[BlackElo "1295"]
[PlyCount "67"]
[GameId "2160767911966293"]
[EventDate "1997.03.15"]
[EventType "swiss"]
[EventRounds "5"]
[EventCountry "CAN"]

1. e4 e5 2. Nf3 Nc6 3. Bc4 Nf6 4. Nc3 Bc5 5. d3 d6 6. Be3 Bxe3 7. fxe3 Bg4 8. h3 Bh5 9. g4 Bg6 10. Qd2 h6 11. O-O-O a6 12. a3 Na5 13. Ba2 c5 14. Nd5 Nd7 15. Nh4 Bh7 16. Nf5 Bxf5 17. gxf5 Nc6 18. Rdg1 Rg8 19. Qf2 Nf6 20. Rg2 Nxd5 21. Bxd5 Qd7 22. f6 g5 23. Qh4 O-O-O 24. Qxh6 Rh8 25. Qxg5 Rdg8 26. Qxg8+ Rxg8 27. Rxg8+ Nd8 28. h4 b5 29. h5 c4 30. dxc4 b4 31. axb4 Qa4 32. Kb1 Qxb4 33. h6 Qd2 34. h7 1-0

[Event "Lunenburg County op"]
[Site "Lunenburg CAN"]
[Date "1997.03.16"]
[Round "5"]
[White "Villeneuve, Robert"]
[Black "Saunders, Steve"]
[Result "1/2-1/2"]
[WhiteElo "2179"]
[BlackElo "1909"]
[PlyCount "59"]
[GameId "2160767911966294"]
[EventDate "1997.03.15"]
[EventType "swiss"]
[EventRounds "5"]
[EventCountry "CAN"]

1. e4 c5 2. Nc3 Nc6 3. Nge2 e5 4. Nd5 Nge7 5. Nec3 d6 6. d3 Be6 7. g3 Bxd5 8. Nxd5 Nxd5 9. exd5 Ne7 10. c3 Qd7 11. Bg2 f5 12. h4 g6 13. Be3 Bg7 14. Qd2 h6 15. Rd1 Rb8 16. b4 b6 17. f4 cxb4 18. cxb4 Rc8 19. Rc1 h5 20. O-O Kf7 21. a3 Rhe8 22. fxe5 Bxe5 23. Bf4 Bd4+ 24. Kh1 Ng8 25. Rc6 Be5 26. Rfc1 Ne7 27. Bxe5 dxe5 28. Qa2 Kg7 29. R6c4 Rf8 30. a4 1/2-1/2

[Event "Manitoba op"]
[Site "Winnipeg CAN"]
[Date "1997.05.17"]
[Round "1"]
[White "Cyncore, Dauwyn"]
[Black "Udarbe, Steve"]
[Result "0-1"]
[WhiteElo "1899"]
[BlackElo "1955"]
[PlyCount "74"]
[GameId "2160767911965781"]
[EventDate "1997.05.17"]
[EventType "swiss"]
[EventRounds "6"]
[EventCountry "CAN"]

1. e4 e6 2. d4 d5 3. e5 c5 4. c3 Nc6 5. Nf3 Qb6 6. a3 c4 7. Nbd2 Na5 8. Be2 Bd7 9. O-O Ne7 10. Ne1 f5 11. exf6 gxf6 12. Nef3 Ng6 13. g3 Be7 14. Re1 O-O-O 15. Rb1 e5 16. b4 Nc6 17. dxe5 fxe5 18. Nf1 Bf5 19. Ra1 Be6 20. Qc2 Rhf8 21. a4 d4 22. a5 Qb5 23. Qa4 a6 24. Qxb5 axb5 25. cxd4 exd4 26. Ng5 Bxg5 27. Bxg5 Rde8 28. Bh6 Rg8 29. a6 bxa6 30. Rxa6 Kb7 31. Raa1 Bd5 32. Bh5 Re5 33. Bxg6 Rxg6 34. Bf4 Rf5 35. Bc1 Ne5 36. Rd1 Nf3+ 37. Kg2 Ng5+ 0-1

[Event "Manitoba op"]
[Site "Winnipeg CAN"]
[Date "1997.05.17"]
[Round "1"]
[White "Gannon, Keith"]
[Black "Babb, Jeff"]
[Result "0-1"]
[WhiteElo "1668"]
[BlackElo "2224"]
[PlyCount "82"]
[GameId "2160767911965782"]
[EventDate "1997.05.17"]
[EventType "swiss"]
[EventRounds "6"]
[EventCountry "CAN"]

1. e4 e5 2. Nf3 Nc6 3. Nc3 Nf6 4. d4 Bb4 5. a3 exd4 6. Nxd4 Bxc3+ 7. bxc3 Qe7 8. f3 d5 9. Bb5 Bd7 10. O-O Nxd4 11. Bxd7+ Qxd7 12. Qxd4 dxe4 13. Re1 Qxd4+ 14. cxd4 O-O-O 15. c3 exf3 16. gxf3 Nd5 17. c4 Nb6 18. c5 Nd5 19. Bg5 f6 20. Bh4 Rhe8 21. Rxe8 Rxe8 22. Re1 Rxe1+ 23. Bxe1 Kd7 24. Kf2 Kc6 25. a4 Nf4 26. Bd2 Ne6 27. Ke3 Kd5 28. Bc3 Kc4 29. Ba5 c6 30. Ke4 Nxd4 31. Bd8 Kxc5 32. Be7+ Kc4 33. Bf8 Ne6 34. Be7 a5 35. f4 b5 36. axb5 cxb5 37. h4 b4 38. f5 Nd4 39. Bf8 b3 40. Bxg7 b2 41. Bxf6 b1=Q+ 0-1

[Event "Manitoba op"]
[Site "Winnipeg CAN"]
[Date "1997.05.17"]
[Round "1"]
[White "Hanrahan, Nigel"]
[Black "Kaptsan, Aron"]
[Result "0-1"]
[WhiteElo "1715"]
[BlackElo "2234"]
[PlyCount "78"]
[GameId "2160767911965783"]
[EventDate "1997.05.17"]
[EventType "swiss"]
[EventRounds "6"]
[EventCountry "CAN"]
[SourceTitle "EXT 2001"]
[Source "ChessBase"]
[SourceDate "2000.11.22"]
[SourceVersion "1"]
[SourceVersionDate "2000.11.22"]
[SourceQuality "1"]

1. Nf3 d5 2. g3 Nf6 3. Bg2 c6 4. O-O h6 5. d3 Bf5 6. b3 e6 7. Bb2 Nbd7 8. Nh4 Bh7 9. f4 Bc5+ 10. d4 Be7 11. Nf3 O-O 12. h3 c5 13. e3 Rc8 14. Na3 cxd4 15. Nxd4 Qa5 16. Qc1 Nc5 17. Qe1 Qb6 18. Rc1 Be4 19. Qe2 a6 20. Rfd1 Na4 21. c4 Nxb2 22. Qxb2 Qa5 23. Nb1 dxc4 24. bxc4 Rc7 25. Nb3 Qh5 26. Qe5 Bxg2 27. Qxh5 Nxh5 28. Kxg2 Rfc8 29. c5 Nf6 30. Kf3 Bxc5 31. Nxc5 Rxc5 32. Rxc5 Rxc5 33. Rd8+ Kh7 34. Rd2 g6 35. Na3 Kg7 36. Rc2 Rxc2 37. Nxc2 Kf8 38. Nd4 Ke7 39. e4 Kd7 0-1

[Event "Manitoba op"]
[Site "Winnipeg CAN"]
[Date "1997.05.17"]
[Round "1"]
[White "Langner, David"]
[Black "Barg, Andrew"]
[Result "1-0"]
[WhiteElo "2273"]
[BlackElo "1810"]
[PlyCount "63"]
[GameId "2160767911965784"]
[EventDate "1997.05.17"]
[EventType "swiss"]
[EventRounds "6"]
[EventCountry "CAN"]

1. e4 c6 2. d4 d5 3. e5 Bf5 4. Nc3 e6 5. g4 Bg6 6. Nge2 Nd7 7. h4 f6 8. h5 Bf7 9. f4 h6 10. Be3 Bb4 11. a3 Ba5 12. b4 Bb6 13. Qd2 Ne7 14. Bh3 a6 15. Na4 Ba7 16. Nc5 Bxc5 17. bxc5 b6 18. cxb6 Nxb6 19. O-O Nc4 20. Qc3 O-O 21. exf6 gxf6 22. f5 Kh7 23. Nf4 Qd6 24. Rf3 exf5 25. gxf5 Rab8 26. Ng6 Qd8 27. Bf4 Rb2 28. Bf1 Rb7 29. Re1 Rg8 30. Bxc4 dxc4 31. Bc1 Bd5 32. Qe3 1-0

[Event "Manitoba op"]
[Site "Winnipeg CAN"]
[Date "1997.05.17"]
[Round "1"]
[White "Nikouline, Alexandre"]
[Black "Trueman, Francis"]
[Result "1-0"]
[WhiteElo "1989"]
[BlackElo "1494"]
[PlyCount "65"]
[GameId "2160767911965785"]
[EventDate "1997.05.17"]
[EventType "swiss"]
[EventRounds "6"]
[EventCountry "CAN"]

1. e4 c6 2. d4 d5 3. e5 Bf5 4. g4 Bg6 5. h4 h6 6. h5 Bh7 7. e6 fxe6 8. Bd3 Bxd3 9. Qxd3 Nf6 10. Nh3 Kd7 11. Nf4 Ne4 12. Nxe6 Kxe6 13. f3 Nd6 14. Bf4 Kd7 15. Nd2 e6 16. Be5 Nf7 17. Bg3 Bb4 18. O-O-O Bd6 19. f4 a6 20. Qg6 Qf6 21. Bh4 Qxg6 22. hxg6 Nd8 23. f5 Be7 24. Nf3 Bxh4 25. Rxh4 Ke7 26. Re1 Nd7 27. g5 Kd6 28. f6 h5 29. Rxh5 Nf7 30. gxf7 Rxh5 31. fxg7 Rhh8 32. gxh8=Q Rxh8 33. g6 1-0

[Event "Manitoba op"]
[Site "Winnipeg CAN"]
[Date "1997.05.17"]
[Round "1"]
[White "Rasmussen, Barry"]
[Black "Plocek, Jaroslav"]
[Result "1-0"]
[WhiteElo "2228"]
[BlackElo "1689"]
[PlyCount "53"]
[GameId "2160767911965786"]
[EventDate "1997.05.17"]
[EventType "swiss"]
[EventRounds "6"]
[EventCountry "CAN"]

1. e4 d6 2. d4 g6 3. Nc3 Bg7 4. Be3 Nc6 5. Qd2 e6 6. O-O-O Nf6 7. f3 b6 8. Bb5 Bd7 9. Qe2 O-O 10. e5 Nd5 11. Nxd5 exd5 12. exd6 cxd6 13. Qd2 a6 14. Bf1 b5 15. h4 h5 16. g4 hxg4 17. h5 gxf3 18. hxg6 fxg6 19. Qh2 Kf7 20. Nxf3 Qf6 21. Ng5+ Ke7 22. Nh7 Rh8 23. Nxf6 Rxh2 24. Nxd5+ Kf7 25. Rxh2 Be6 26. Nc7 Ra7 27. Nxe6 1-0

[Event "Manitoba op"]
[Site "Winnipeg CAN"]
[Date "1997.05.17"]
[Round "1"]
[White "Roque, Rodolfo"]
[Black "Ott, Richard"]
[Result "1-0"]
[WhiteElo "1925"]
[BlackElo "1439"]
[PlyCount "55"]
[GameId "2160767911965787"]
[EventDate "1997.05.17"]
[EventType "swiss"]
[EventRounds "6"]
[EventCountry "CAN"]

1. e4 c5 2. Bc4 Nc6 3. a3 Nf6 4. Nc3 g6 5. d3 Bg7 6. Nf3 O-O 7. Be3 b6 8. h3 e6 9. Bg5 h6 10. Bh4 g5 11. Bg3 d5 12. Bb5 Bb7 13. Bxc6 Bxc6 14. e5 Nd7 15. Qe2 d4 16. Ne4 Bxe4 17. Qxe4 Qc8 18. O-O-O b5 19. h4 gxh4 20. Qxh4 Rd8 21. Bf4 Nf8 22. Bxh6 Ng6 23. Qg5 Rd5 24. Bxg7 Kxg7 25. Qf6+ Kg8 26. Ng5 Qb7 27. Rh7 Rf8 28. Rdh1 1-0

[Event "Manitoba op"]
[Site "Winnipeg CAN"]
[Date "1997.05.17"]
[Round "2"]
[White "Bollenbach, Brad"]
[Black "Kuryliw, Ray"]
[Result "1-0"]
[WhiteElo "2104"]
[BlackElo "1929"]
[PlyCount "35"]
[GameId "2160767911965790"]
[EventDate "1997.05.17"]
[EventType "swiss"]
[EventRounds "6"]
[EventCountry "CAN"]

1. e4 e5 2. Nf3 Nc6 3. Bc4 Be7 4. d4 exd4 5. c3 Na5 6. Be2 c5 7. cxd4 cxd4 8. Qxd4 Nc6 9. Qxg7 Bf6 10. Qg3 Nge7 11. O-O Rg8 12. Qd6 Ng6 13. Nc3 Nge5 14. Nd5 Nxf3+ 15. Bxf3 Be5 16. Qh6 Nd4 17. Bh5 Bxh2+ 18. Kxh2 1-0

[Event "Manitoba op"]
[Site "Winnipeg CAN"]
[Date "1997.05.17"]
[Round "2"]
[White "Kaptsan, Aron"]
[Black "Nikouline, Alexandre"]
[Result "1-0"]
[WhiteElo "2234"]
[BlackElo "1989"]
[PlyCount "83"]
[GameId "2160767911965791"]
[EventDate "1997.05.17"]
[EventType "swiss"]
[EventRounds "6"]
[EventCountry "CAN"]
[SourceTitle "EXT 2001"]
[Source "ChessBase"]
[SourceDate "2000.11.22"]
[SourceVersion "1"]
[SourceVersionDate "2000.11.22"]
[SourceQuality "1"]

1. d4 Nf6 2. c4 e6 3. Nf3 b6 4. g3 Ba6 5. b3 d5 6. cxd5 exd5 7. Bg2 Bb4+ 8. Bd2 Bxd2+ 9. Qxd2 Ne4 10. Qc2 O-O 11. O-O Re8 12. Rd1 Qe7 13. e3 Nd7 14. Nc3 Ndf6 15. Ne5 Nxc3 16. Qxc3 c5 17. Nd3 Ne4 18. Qb2 Bb7 19. Rac1 Rac8 20. dxc5 bxc5 21. Nf4 Red8 22. Rc2 c4 23. Qd4 g5 24. Ne2 cxb3 25. Rxc8 Rxc8 26. axb3 Qf6 27. Bxe4 Qxd4 28. Bxh7+ Kxh7 29. Nxd4 Ba6 30. Ra1 Bd3 31. Rxa7 Rc1+ 32. Kg2 g4 33. f3 Kg6 34. fxg4 Be4+ 35. Kf2 Rb1 36. Ra2 Rh1 37. Nf3 Rb1 38. Nd2 Rh1 39. Ra6+ Kg5 40. Nxe4+ dxe4 41. Ra5+ Kxg4 42. Kg2 1-0

[Event "Manitoba op"]
[Site "Winnipeg CAN"]
[Date "1997.05.17"]
[Round "2"]
[White "Ott, Richard"]
[Black "Gannon, Keith"]
[Result "0-1"]
[WhiteElo "1439"]
[BlackElo "1668"]
[PlyCount "92"]
[GameId "2160767911965792"]
[EventDate "1997.05.17"]
[EventType "swiss"]
[EventRounds "6"]
[EventCountry "CAN"]

1. d4 d5 2. c4 e6 3. Nc3 Nf6 4. cxd5 exd5 5. Bg5 Be7 6. e3 Nc6 7. Rc1 O-O 8. Bd3 Nb4 9. Bb1 h6 10. Bxf6 Bxf6 11. a3 Nc6 12. Nge2 Re8 13. O-O Bg4 14. Qc2 g6 15. Qb3 Bxe2 16. Nxe2 Rb8 17. Nf4 Ne7 18. Rfd1 Bg5 19. Nd3 c6 20. Ne5 Bf6 21. Ng4 Bg7 22. Qd3 h5 23. Ne5 Bxe5 24. dxe5 Qd7 25. e4 Rbd8 26. Ba2 Qe6 27. exd5 Nxd5 28. Qb3 Qd7 29. Qg3 Qf5 30. Re1 Qf4 31. Qxf4 Nxf4 32. Rc3 Ne6 33. Kf1 Rd2 34. Bxe6 Rxe6 35. Rb3 b6 36. Ree3 Rd5 37. f4 Re8 38. Rbc3 c5 39. b4 cxb4 40. axb4 Rd4 41. b5 Rxf4+ 42. Ke2 Rf5 43. Rc7 Rfxe5 44. Rxe5 Rxe5+ 45. Kd3 Rxb5 46. Rxa7 Rb2 0-1

[Event "Manitoba op"]
[Site "Winnipeg CAN"]
[Date "1997.05.17"]
[Round "2"]
[White "Schulz, Waldemar"]
[Black "Langner, David"]
[Result "1/2-1/2"]
[WhiteElo "1988"]
[BlackElo "2273"]
[PlyCount "80"]
[GameId "2160767911965793"]
[EventDate "1997.05.17"]
[EventType "swiss"]
[EventRounds "6"]
[EventCountry "CAN"]

1. Nf3 c5 2. e4 Nc6 3. d4 cxd4 4. Nxd4 e5 5. Nb5 d6 6. N1c3 a6 7. Na3 b5 8. Nd5 Nf6 9. Bg5 Be7 10. Bxf6 Bxf6 11. c3 O-O 12. Be2 Rb8 13. Nc2 Bg5 14. O-O a5 15. Nce3 Bxe3 16. Nxe3 Be6 17. Qd2 Ne7 18. Rfd1 Rb6 19. c4 bxc4 20. Bxc4 Rc6 21. Rac1 Bc8 22. Rc3 Qc7 23. Bb3 Rxc3 24. Qxc3 Qb7 25. Qd3 Rd8 26. Nc4 Bg4 27. f3 Be6 28. Nxe5 Bxb3 29. axb3 h6 30. Nc4 d5 31. Qe3 Rb8 32. exd5 Nxd5 33. Qd4 Nf6 34. Nxa5 Qb5 35. b4 Re8 36. Nb3 Nd5 37. Nc1 Nxb4 38. Nd3 Nxd3 39. Qxd3 Qxb2 40. Qd2 Qxd2 1/2-1/2